000 01656nam a2200505 i 4500
001 6437
003 KOSZ 005
005 20191104142004.0
008 970620s1993 pl a f f |000 0 pol
015 _aPB 1995/2172
035 _a991000270009705066
035 _a(PL-WaBN)b10115596-48omnis_nlop
035 _ab10115596
035 _a(OCoLC)802002646
035 _a(PL)b0000001011559
035 _a(EXLNZ-48OMNIS_NETWORK)9910505612105606
040 _aWA N
_cWA N
_dKOSZ 005/EC
041 _apol
046 _k1993
080 _a657
080 _a(07)
100 1 _aOlchowicz, Irena
_d(1941- )
_eAutor
245 1 0 _aPodstawy rachunkowości.
_nCz. 1 /
_cIrena Olchowicz.
260 _aWarszawa :
_b"Difin",
_c1993
_e(Otwock :
_f"Petit").
300 _a242, [1] s. :
_bfaks. ;
_c24 cm.
336 _2rdacontent
_aTekst
_btxt
337 _2rdamedia
_aBez urządzenia pośredniczącego
_bn
338 _2rdacarrier
_aWolumin
_bnc
380 _aKsiążki
380 _aPublikacje dydaktyczne
385 _mPoziom nauczania
_aSzkoły wyższe
385 _aSzkoły średnie
_mPoziom nauczania
388 _a1901-2000
388 _a1989-2000
490 1 _aVademecum Rachunkowości,
_x1234-1681 ;
_v1
504 _aWykaz podstawowych aktów normatywnych s. 203.
650 7 _aRachunkowość
_2DBN
655 7 _aPodręczniki
_2DBN
658 _aGospodarka, ekonomia, finanse
710 2 _aDifin
_4pbl
830 0 _aVademecum Rachunkowości,
_v1
856 _uhttp://koha.tu.koszalin.pl/cgi-bin/koha/opac-detail.pl?biblionumber=6437
_yKatalog online BPK
942 _2UKD
_cKS
999 _c6437
_d6437